书目信息 |
| 题名: |
经济基础知识
|
|
| 作者: | 丁志杰 编 | |
| 分册: | ||
| 出版信息: | 沈阳 辽宁人民出版社 2007.05 |
|
| 页数: | 329页 | |
| 开本: | 26cm | |
| 丛书名: | ||
| 单 册: | ||
| 中图分类: | F0 | |
| 科图分类: | ||
| 主题词: | 政治经济学 | |
| 电子资源: | ||
| ISBN: | 978-7-205-06189-0 | |
| 000 | 00624nam0 2200217 450 | |
| 001 | 0954466958 | |
| 005 | 20091217150915.13 | |
| 010 | @a978-7-205-06189-0@dCNY55.00 | |
| 100 | @a20091217d2007 km y0chiy0120 ea | |
| 101 | 0 | @achi |
| 102 | @aCN@b210000 | |
| 200 | 1 | @a经济基础知识@Ajing ji ji chu zhi shi@e中级@f丁志杰等编@Fding zhi jie deng bian |
| 210 | @a沈阳@c辽宁人民出版社@d2007.05 | |
| 215 | @a329页@d26cm | |
| 300 | @a全国经济专业技术资格考试用书 | |
| 517 | 1 | @a中级@Azhong ji |
| 606 | 0 | @a政治经济学 |
| 690 | @aF0@v4 | |
| 701 | 0 | @a丁志杰@Ading zhi jie@4编 |
| 801 | 0 | @aCN@bNISOFT@c20091217 |
| 905 | @aBZT@dF0@e121 | |
| 经济基础知识:中级/丁志杰等编.-沈阳:辽宁人民出版社,2007.05 |
| 329页;26cm |
| 全国经济专业技术资格考试用书 |
| ISBN 978-7-205-06189-0:CNY55.00 |
| ● |
| 相关链接 |
|
|
|
正题名:经济基础知识
索取号:F0/121
 
预约/预借
| 序号 | 登录号 | 条形码 | 馆藏地/架位号 | 状态 | 备注 |
| 1 | 728458 | 2000728458 | 样本书库/样008架A面1层2列/ [索取号:F0/121] | 在馆 | |
| 2 | 728459 | 2000728459 | 中心书库北库/ 北库006架A面5列5层45/ [索取号:F0/121] | 在馆 | |
| 3 | 728460 | 2000728460 | 中心书库北库/ 北库006架A面5列5层46/ [索取号:F0/121] | 在馆 | |
| 4 | 728461 | 2000728461 | 中心书库北库/ 北库006架A面5列5层49/ [索取号:F0/121] | 在馆 | |
| 5 | 728462 | 2000728462 | 中心书库北库/ 北库006架A面5列5层47/ [索取号:F0/121] | 在馆 | |
| 6 | 728463 | 2000728463 | 中心书库北库/ 北库006架A面5列5层48/ [索取号:F0/121] | 在馆 |